| 000 | 00836nam a2200229 a 4500 | ||
|---|---|---|---|
| 001 | 39611 | ||
| 003 | BD-RjUL | ||
| 005 | 20211209053027.0 | ||
| 008 | 160413b2011 bg a||| |||| 00| 0 ben d | ||
| 020 |
_a9789843337399 _c: tk. 350.00 |
||
| 035 | _a(BD-RjUL)39724 | ||
| 040 |
_aBD-RjUL _bben _cBD-RjUL |
||
| 041 | _aben | ||
| 082 |
_223 _a891.444 _bREJ 2011 |
||
| 100 |
_aরেজা,মাসুদ _9122001 |
||
| 245 | 1 | 0 |
_aজসীম পল্লীমেলা : _bস্মারকগ্রন্থ / _cমাসুদ রেজা |
| 260 |
_aঢাকা : _bচর্যাপদ, _c২০১১. |
||
| 300 |
_a৩৩৬ পৃ. : _bচিত্র. ; _c২১ সেমি. |
||
| 650 |
_aবাংলা সাহিত্য _vপ্রবন্ধ _9120164 |
||
| 650 |
_aBengali Literature _vEassys _9122002 |
||
| 942 |
_2ddc _cBK |
||
| 999 |
_c39611 _d39611 |
||